Online
Catalog

Cuando el tiempo nos alcanza : (Record no. 1655)

MARC details
000 -CABECERA
campo de control de longitud fija 00596nam a2200181 a 4500
001 - NÚMERO DE CONTROL
campo de control 000001778
005 - FECHA Y HORA DE LA ÚLTIMA TRANSACCIÓN
campo de control 20200929145709.0
008 - DATOS DE LONGITUD FIJA--INFORMACIÓN GENERAL
campo de control de longitud fija 090629s2004 es ac 001 1 spa d
020 ## - NÚMERO INTERNACIONAL ESTÁNDAR DEL LIBRO
Número Internacional Estándar del Libro 8467014393
040 ## - FUENTE DE LA CATALOGACIÓN
Centro catalogador/agencia de origen DO-SdBNP
100 1# - ENTRADA PRINCIPAL--NOMBRE DE PERSONA
Nombre de persona Guerra, Alfonso
Fechas asociadas al nombre 1940-
9 (RLIN) 5780
245 10 - MENCIÓN DE TÍTULO
Título Cuando el tiempo nos alcanza :
Resto del título Memorias (1940-1982) /
Mención de responsabilidad, etc. Alfonso Guerra; introducción Luis Gernuda.
260 ## - PUBLICACIÓN, DISTRIBUCIÓN, ETC.
Lugar de publicación, distribución, etc. Madrid :
Nombre del editor, distribuidor, etc. Espasa Galpe,
Fecha de publicación, distribución, etc. 2004.
300 ## - DESCRIPCIÓN FÍSICA
Extensión 354 p. :
Otras características físicas il., retrs. ;
Dimensiones 22 cm.
440 #0 - MENCIÓN DE SERIE/PUNTO DE ACCESO ADICIONAL--TÍTULO
Título Espasa Hoy
9 (RLIN) 5781
500 ## - NOTA GENERAL
Nota general Incluye datos Biográficos del autor en la solapa
500 ## - NOTA GENERAL
Nota general Incluye índice
Holdings
Estado de retiro Estado de pérdida Restricciones de uso No para préstamo Código de colección Localización permanente Ubicación/localización actual Ubicación en estantería Fecha de adquisición Número de inventario Total de préstamos Signatura topográfica completa Código de barras Fecha visto por última vez Precio válido a partir de Tipo de ítem Koha
    Préstamo interno   Monografías: Libros y Folletos General General En catalogación 29.06.2009 LF1   1778-10 25.06.2020 25.06.2020 Préstamo interno

Powered by Koha